000 05496nam a22004577a 4500
001 BRCA_8590
002 W-35
003 FranzMayer
005 20260401134006.0
008 260331s1572 gw ||||gr|||| 001 | lat d
040 _aBMFM
_bspa
041 0 _alat
050 0 _aD12027
_b.C76 1572 (W-35)
100 1 _aMelanchton, Philipp
_d(1497-1560)
_930147
245 1 0 _aChronicon carionis: Expositvm et avctvm mvltis et veteribvs et recentibvs historiis, In descriptionibvs regnorvm et gentivm antiqarum, & narrationibus rerum Ecclesiasticarum & Politicarum, Graecarum Romanarum, Germanicarum & aliarum, ab exordio Mundivsq[ue] ad Carolvm Qvintvm Imperatorem /
_c Philipp Melanchton y Kaspar Peucer
246 1 _aChronicon Carionis: Expositum et auctum multis et veteribus et recentibus historiis, in descriptionibus regnorum et gentium antiquarum, & narrationibus rerum ecclesiasticarum & politicarum, Graecarum, Romanarum, Germanicarum & aliarum, ab exordio Mundi usque ad Carolum Quintum Imperatorem
260 _aWinterberg, Alemania :
_bJohannes Crato ;
_c1572
300 _a746 páginas ;
_c36.4 x 22.5 x 7.5 cm
520 3 _aCrónica que narra la historia del mundo. Fue originalmente escrita por el astrónomo y matemático Johannes Carion, y más tarde revisada y ampliada por Philip Melanchthon -discípulo y colaborador de Martín Lutero- así como por otros autores, quienes añadieron algunas fuentes adicionales. Esta edición de 1572, en latín, representa una versión corregida y ampliada que, dentro de un marco cronológico bíblico, combina historia sagrada y profana en un narración continua que va desde Adán y Eva, hasta la elección y coronación de Carlos V.
_bIncorpora historias eclesiásticas y seculares, descripciones de los reinos y pueblos antiguos (griegos, romanos, germanos y hebreos), y narraciones de diversos acontecimientos políticos y religiosos. Considerada una de las primeras historias universales escritas desde una óptica reformista, esta obra fue utilizada durante los siglos XVI y XVII como herramienta en la educación humanista de las escuelas luteranas.
563 _aOtras referencias físicas: Encuadernación entera en piel alumada. El papel del cuerpo del libro está formado por pulpa de trapo, hecho a mano, con marcas de verjurado y marcas de agua. Algunas hojas tienen gotas de cera. El cuerpo del libro está formado por cuadernillos unidos mediante costura sobre cinco soportes elevados. No fue posible determinar el tipo de costura, ni el tipo de soporte. Además de los soportes de costura, se ven seis soportes de cordel colocados entre los soportes de costura y las cabezadas; no es claro si se utilizaron para costura o solo para unir el cuerpo a la cartera. Las prolongaciones de los soportes se usaron para unir el cuerpo a la cartera. Lomera redonda. No fue posible determinar la presencia de endoses. Cabezadas tejidas con hilo azul y blanco con almas de piel alumada y prolongaciones enlazadas a la cartera. Cantos refinados y pulidos. Soportes de las tapas de madera. Cartera decorada; la piel tiene decoración con textura; las tapas tienen gofrado y grabado, así como biselado central en los tres cantos. El lomo tiene once costillas: las cinco, que corresponden a los soportes de costura, son completas, y las seis, que corresponden a los soportes de cordel, son medias costillas Parece tener un tejuelo de material no identificado en la casilla 1. Tiene dos broches de metal; de la tapa posterior salen las correas del broche con la parte metálica que embona en los broches de la tapa anterior. Texto impreso. Anotaciones en tinta ferrogálica. Las últimas páginas, incluyendo las hojas de guarda, tienen un índice manuscrito con tinta ferrogálica
591 _aEstado de Conservación: Bueno
591 _bDescripción de conservación: Suciedad, hojas con dobleces y roturas mínimas, piel abrasionada, cantos de las tapas abrasionados, puntas desnudas, broches metálicos con faltantes
592 _aMarcas Adicionales: Resto del título e información en portada: <<A Philippo Melanthone et Casparo Pevcero. Adiecta est narratio historica de electione & coronatione Caroli V. Imperatoris>>. Anotaciones manuscritas en las páginas finales y hojas de guarda. Con los siguientes títulos: <<Index nominvm imperatorvm romasnorvm>>; <<Nomina imper: romanorym>> y <<Nomina pontificvm romanorvm>>. Exlibris de Franz Mayer. Grabado de Philipp Melanchton en la portada y en la dedicatoria. Incluye índice. Incluye reclamos
593 _aColección adicional: Crónicas
600 1 0 _aCharles V
_c(Holy Roman Emperor)
_d1500-1558
_930148
600 1 0 _aCharles V
_c(Holy Roman Emperor)
_d1500-1558
_xImperial coronation
_930149
650 1 0 _aHistorical chronology
_930150
650 1 0 _aWorld History
_yEarly works to 1800
_930151
650 1 0 _aBible
_xHistory of biblical events
_930152
650 1 0 _aChurch history
_930153
650 1 0 _aHoly Roman Empire
_xHistory
_930154
650 1 0 _aUniversal history
_930155
650 1 0 _aReformation literature
_930156
700 1 _aCarion, Johannes
_d(1499-1537/38)
_eautor original de la obra
_930157
700 1 _aPeucer, Kaspar
_d(1525-1602)
_ecolaborador de la obra
_930158
700 1 _aCrato, Johannes
_d(1519-1585)
_eimpresor
_930159
856 4 1 _uhttps://bibliotecadigital.franzmayer.org.mx/items/cba04b83-565c-4965-ac22-eec35c85f1a2
_yBiblioteca Digital Museo Franz Mayer
_qTIF//PDF
902 _aKH
_aFM
_aTV
942 _2lcc
_cB
960 _aCS-L1-N1
999 _c11109
_d11109